| 000 | 00521nam a22001457a 4500 | ||
|---|---|---|---|
| 082 | _a004 | ||
| 100 | _aAhmad, Umair | ||
| 245 |
_aDetermining the Efficacy of ISO Control in Academics Institutions and Finding the Vulnerabilities using Penetration Testing / _cUmair Ahmad |
||
| 260 |
_aIslamabad : _bMCS - NUST, _c2014. |
||
| 300 |
_a114 p. ; _c30cm. |
||
| 650 |
_aInformation Security-MS-Thesis _916348 |
||
| 700 |
_aDr. Ashraf Masood _921375 |
||
| 942 |
_2ddc _cTHE |
||
| 999 |
_c540892 _d540892 |
||